[Event "Thessaloniki op 1st"]
[Site "Thessaloniki"]
[Date "2022.08.09"]
[Round "8"]
[White "Papadimitriou, Loukas"]
[Black "Palma, Maria"]
[Result "1-0"]
[WhiteElo "1926"]
[BlackElo "2000"]
[PlyCount "65"]
[EventDate "2022.08.03"]
[EventType "swiss"]
[EventRounds "9"]
[EventCountry "GRE"]
[SourceTitle "CBM 209 Extra"]
[Source "ChessBase"]
[SourceDate "2022.09.30"]
[SourceVersion "1"]
[SourceVersionDate "2022.09.30"]
[SourceQuality "1"]

1. d4 d5 2. c4 e6 3. cxd5 exd5 4. Nc3 Nf6 5. Bg5 c6 6. e3 Be6 7. Bd3 Nbd7 8. Nge2 h6 9. Bh4 g5 10. Bg3 Nh5 11. 0-0 Nxg3 12. Nxg3 Nf6 13. f4 Bd6 14. Nf5 Bxf5 15. Bxf5 Qc7 16. Rc1 a6 17. g3 gxf4 18. exf4 h5 19. Qd2 Kf8 20. Kh1 Kg7 21. Rg1 Rag8 22. Bh3 Kf8 23. Rcf1 b5 24. Bf5 Ng4 25. Rf3 h4 26. gxh4 Rxh4 27. Bxg4 Rhxg4 28. Rxg4 Rxg4 29. Ne2 Qe7 30. Ng3 Qf6 31. Ne2 Qf5 32. Ng3 Bxf4 33. Qb4+ 1-0

[Event "ITA-chT (Women)"]
[Site "Montesilvano"]
[Date "2021.09.25"]
[Round "6.2"]
[White "Palma, Maria"]
[Black "Sedina, Elena"]
[Result "0-1"]
[WhiteElo "1965"]
[BlackElo "2259"]
[PlyCount "82"]
[EventDate "2021.09.22"]
[EventType "team-tourn"]
[EventRounds "7"]
[EventCountry "ITA"]
[SourceTitle "EXT 2023"]
[Source "ChessBase"]
[SourceDate "2022.10.05"]
[SourceVersion "1"]
[SourceVersionDate "2022.10.05"]
[SourceQuality "1"]
[WhiteTeam "Pedone Isolani (W)"]
[BlackTeam "Mimosa Dragonfly (W)"]
[WhiteTeamCountry "ITA"]
[BlackTeamCountry "ITA"]

1. c4 e5 2. g3 c6 3. Bg2 d5 4. cxd5 cxd5 5. d4 e4 6. Nh3 Nf6 7. 0-0 h6 8. Nc3 Bb4 9. Nf4 0-0 10. Qb3 Bxc3 11. bxc3 Nc6 12. f3 Na5 13. Qc2 Bf5 14. fxe4 Bxe4 15. Nd3 Bxg2 16. Kxg2 Nc4 17. Ne5 Rc8 18. Qf5 Nd6 19. Qf3 Nde4 20. c4 dxc4 21. Be3 b5 22. Ng4 Nxg4 23. Qxg4 Nf6 24. Qf5 Qd5+ 25. Kg1 Rfe8 26. Bxh6 Qxd4+ 27. e3 Qe5 28. Qxe5 Rxe5 29. Rad1 gxh6 30. Rxf6 c3 31. Rxh6 c2 32. Rc1 Rd5 33. Rf6 Rd1+ 34. Rf1 Rxc1 35. Rxc1 b4 36. Kf2 a5 37. Ke2 a4 38. Kd2 b3 39. axb3 axb3 40. h4 b2 41. Rxc2 Rd8+ 0-1

[Event "Online Olym Div Top-D"]
[Site "Chess.com INT"]
[Date "2020.08.23"]
[Round "9.6"]
[White "Palma, Maria"]
[Black "Montiel Caceres, Helen"]
[Result "1-0"]
[WhiteElo "1989"]
[BlackElo "1599"]
[PlyCount "155"]
[EventDate "2020.08.21"]
[EventType "team-tourn (rapid)"]
[EventRounds "9"]
[EventCountry "USA"]
[SourceTitle "CBM 198"]
[Source "ChessBase"]
[SourceDate "2020.10.31"]
[SourceVersion "1"]
[SourceVersionDate "2020.10.31"]
[SourceQuality "1"]
[WhiteTeam "Italy"]
[BlackTeam "Paraguay"]
[WhiteTeamCountry "ITA"]
[BlackTeamCountry "PAR"]

1. c4 Nf6 2. Nf3 d6 3. g3 g6 4. Bg2 Bg7 5. 0-0 0-0 6. Nc3 Nbd7 7. d3 e5 8. Rb1 a5 9. a3 Rb8 10. b4 axb4 11. axb4 Re8 12. Ne1 h5 13. Nc2 Nf8 14. b5 Ne6 15. Nb4 Nd7 16. Ncd5 Ndc5 17. e3 Bd7 18. Nc3 Qc8 19. Nc2 Ng5 20. h4 Nh7 21. d4 exd4 22. exd4 Bg4 23. f3 Bf5 24. dxc5 Bxc3 25. cxd6 cxd6 26. Bf4 Qxc4 27. Ne3 Qc5 28. Qxd6 Qxd6 29. Bxd6 Bxb1 30. Bxb8 Bd3 31. Bf4 Bxf1 32. Bxf1 Bd4 33. Kf2 Nf6 34. Bc4 Rc8 35. Bd3 Rc3 36. Ke2 Nd7 37. Nd5 Rb3 38. Bc4 Rb2+ 39. Kd3 Bg7 40. Ke4 Nc5+ 41. Ke3 Rc2 42. Be2 Ne6 43. Bd6 Ra2 44. Bc4 Rc2 45. Ne7+ Kh7 46. Bd5 Rc3+ 47. Kd2 Ra3 48. Bxa3 Nd4 49. Bxb7 Nxb5 50. Bc5 Nc7 51. Bc6 Ne6 52. Be3 Bf6 53. Nd5 Bd8 54. Be8 Kg7 55. Kd3 Kf8 56. Ba4 Kg7 57. Ke4 f6 58. Bb5 Kf7 59. Bb6 Bxb6 60. Nxb6 Nc5+ 61. Ke3 Ke6 62. Bc4+ Kd6 63. Nd5 Nd7 64. Nf4 Kc5 65. Be6 Ne5 66. Bf7 g5 67. Nxh5 Nxf7 68. Nxf6 gxh4 69. gxh4 Kd6 70. Kf4 Ke6 71. Ne4 Nh8 72. Kg5 Kf7 73. h5 Kg7 74. Nd6 Kh7 75. f4 Kg7 76. f5 Kh7 77. Kf6 Kh6 78. Nf7+ 1-0

[Event "Fuerteventura (Women)"]
[Site "Corralejo"]
[Date "2019.09.27"]
[Round "9"]
[White "Guillo Longares, Cecilia"]
[Black "Palma, Maria"]
[Result "1/2-1/2"]
[WhiteElo "1960"]
[BlackElo "2100"]
[PlyCount "111"]
[EventDate "2019.09.21"]
[EventType "tourn"]
[EventRounds "9"]
[EventCountry "ESP"]
[SourceTitle "EXT 2020"]
[Source "ChessBase"]
[SourceDate "2019.10.17"]
[SourceVersion "1"]
[SourceVersionDate "2019.10.17"]
[SourceQuality "1"]

1. d4 d5 2. c4 e6 3. Nc3 c5 4. cxd5 cxd4 5. Qa4+ Bd7 6. Qxd4 exd5 7. Qxd5 Nc6 8. Nf3 Nf6 9. Qd1 Bc5 10. e3 Qe7 11. Be2 0-0-0 12. 0-0 g5 13. b4 Bxb4 14. Bb2 Rhg8 15. Nd4 g4 16. Ncb5 Kb8 17. Qa4 a6 18. Nxc6+ Bxc6 19. Bxf6 Qe4 20. Be5+ Qxe5 21. Qxb4 axb5 22. Rfd1 h5 23. Qf4 Qxf4 24. exf4 Kc7 25. Rab1 Rxd1+ 26. Rxd1 Ra8 27. Rd2 Ra4 28. g3 Kb6 29. h3 f5 30. hxg4 hxg4 31. Bf1 Kc5 32. Bg2 Kc4 33. Re2 b4 34. Bf1 Kd4 35. Rc2 Bd5 36. Rd2+ Kc5 37. Rc2+ Kb6 38. Bc4 Bxc4 39. Rxc4 Kb5 40. Rc2 Ra3 41. Kg2 Ka4 42. Rd2 Rc3 43. Rd8 Ka3 44. Ra8+ Kb2 45. Ra4 Rc4 46. a3 b5 47. Rxb4+ Rxb4 48. axb4 Kc3 49. f3 gxf3+ 50. Kxf3 Kxb4 51. g4 fxg4+ 52. Kxg4 Kc4 53. f5 Kd5 54. f6 Ke6 55. Kf4 Kxf6 56. Ke4 1/2-1/2

[Event "Fuerteventura (Women)"]
[Site "Corralejo"]
[Date "2019.09.22"]
[Round "3"]
[White "Drljevic, Ljilja"]
[Black "Palma, Maria"]
[Result "1-0"]
[WhiteElo "2162"]
[BlackElo "2100"]
[PlyCount "95"]
[EventDate "2019.09.21"]
[EventType "tourn"]
[EventRounds "9"]
[EventCountry "ESP"]
[SourceTitle "EXT 2020"]
[Source "ChessBase"]
[SourceDate "2019.10.17"]
[SourceVersion "1"]
[SourceVersionDate "2019.10.17"]
[SourceQuality "1"]

1. b4 d5 2. Bb2 Nf6 3. Nf3 Bf5 4. e3 e6 5. a3 Nbd7 6. Be2 Bd6 7. Nh4 Bg6 8. Nxg6 hxg6 9. h3 e5 10. d3 c6 11. Nd2 a5 12. c3 0-0 13. 0-0 Qe7 14. Qc2 d4 15. bxa5 dxe3 16. fxe3 Nd5 17. Nc4 Bc7 18. Bc1 Bxa5 19. Nxa5 Rxa5 20. c4 Qc5 21. Qd2 Nf4 22. Bf3 Ne6 23. Rb1 Ra7 24. Bb2 Rd8 25. Qf2 Nf6 26. Be2 Qa5 27. Rfd1 b6 28. Qg3 Nd7 29. Bg4 Nef8 30. Bf3 Qc5 31. Qf2 Nf6 32. Be2 Qe7 33. Bc3 Qc7 34. Bf3 Rxa3 35. Qb2 Ra6 36. Bxe5 Qe7 37. Bxc6 N8d7 38. Bd4 Nc5 39. Bf3 Ne8 40. Qb5 Nc7 41. Qb2 N7e6 42. Bd5 Nxd4 43. Qxd4 Qc7 44. Rf1 Rf8 45. Rxf7 Rxf7 46. Rf1 Nb3 47. Bxf7+ Qxf7 48. Qd8+ 1-0

[Event "Fuerteventura (Women)"]
[Site "Corralejo"]
[Date "2019.09.21"]
[Round "1"]
[White "Thomas, Anysia"]
[Black "Palma, Maria"]
[Result "1-0"]
[WhiteElo "2112"]
[BlackElo "2100"]
[PlyCount "69"]
[EventDate "2019.09.21"]
[EventType "tourn"]
[EventRounds "9"]
[EventCountry "ESP"]
[SourceTitle "EXT 2020"]
[Source "ChessBase"]
[SourceDate "2019.10.17"]
[SourceVersion "1"]
[SourceVersionDate "2019.10.17"]
[SourceQuality "1"]

1. d4 d5 2. c4 e6 3. Nf3 Nf6 4. g3 dxc4 5. Bg2 Bb4+ 6. Bd2 a5 7. Qc2 Bxd2+ 8. Qxd2 b5 9. Qg5 c6 10. Qxg7 Rg8 11. Qh6 Bb7 12. Ne5 Nbd7 13. 0-0 Nxe5 14. dxe5 Ng4 15. Qxh7 Qg5 16. f4 Rg7 17. Qe4 Qh5 18. h3 Nh6 19. g4 Nxg4 20. hxg4 Qxg4 21. Nc3 Rb8 22. Qf3 Qh4 23. Ne4 Ke7 24. Qf2 Rh8 25. Qxh4+ Rxh4 26. Nd6 Rhg4 27. Rf2 Ba6 28. f5 R7g5 29. e4 exf5 30. exf5 f6 31. exf6+ Kxd6 32. Rd1+ Ke5 33. f7 Rxg2+ 34. Rxg2 Rxf5 35. Rf1 1-0

[Event "EU-ch U18 Girls"]
[Site "Bratislava"]
[Date "2019.08.10"]
[Round "9"]
[White "Palma, Maria"]
[Black "Radeva, Viktoria"]
[Result "0-1"]
[WhiteElo "2091"]
[BlackElo "2218"]
[PlyCount "104"]
[EventDate "2019.08.02"]
[EventType "swiss"]
[EventRounds "9"]
[EventCountry "SVK"]
[SourceTitle "CBM 191 Extra"]
[Source "ChessBase"]
[SourceDate "2019.09.30"]
[SourceVersion "1"]
[SourceVersionDate "2019.09.30"]
[SourceQuality "1"]

1. c4 e6 2. Nf3 d5 3. g3 Nf6 4. Bg2 d4 5. 0-0 c5 6. b4 cxb4 7. a3 bxa3 8. d3 Nc6 9. Qb3 Be7 10. Bxa3 0-0 11. Bxe7 Qxe7 12. Na3 e5 13. Nd2 Nd7 14. Rfb1 Nc5 15. Qc2 Bf5 16. Nb3 Na6 17. Rb2 Nab4 18. Qb1 Rab8 19. Nc2 Nxc2 20. Qxc2 Rfe8 21. Nd2 Bg4 22. Qb1 Qc7 23. Kf1 b6 24. Qc2 a5 25. Nb1 Nb4 26. Qd2 Bd7 27. Na3 Ba4 28. Kg1 Rec8 29. Bh3 Rd8 30. Bg2 Qc5 31. h4 Rdc8 32. Kh2 f5 33. Qg5 Rf8 34. h5 h6 35. Qd2 Qe7 36. Kg1 Rbd8 37. f3 Qe8 38. Nb1 Bc6 39. c5 e4 40. cxb6 e3 41. Qd1 Ra8 42. Na3 f4 43. g4 Bd5 44. Nc4 Qb5 45. b7 Bxb7 46. Rxa5 Rxa5 47. Nxa5 Qxa5 48. Qb1 Nd5 49. Rxb7 Nc3 50. Qb3+ Kh8 51. Bf1 Nxe2+ 52. Bxe2 Qe1+ 0-1

[Event "EU-ch U18 Girls"]
[Site "Bratislava"]
[Date "2019.08.02"]
[Round "1"]
[White "Kouta, Antonia"]
[Black "Palma, Maria"]
[Result "0-1"]
[WhiteElo "1785"]
[BlackElo "2091"]
[PlyCount "96"]
[EventDate "2019.08.02"]
[EventType "swiss"]
[EventRounds "9"]
[EventCountry "SVK"]
[SourceTitle "CBM 191 Extra"]
[Source "ChessBase"]
[SourceDate "2019.09.30"]
[SourceVersion "1"]
[SourceVersionDate "2019.09.30"]
[SourceQuality "1"]

1. e4 c5 2. Nf3 Nc6 3. d4 cxd4 4. Nxd4 Nf6 5. Nc3 d6 6. Be2 g6 7. Be3 Bg7 8. f3 0-0 9. Qd2 d5 10. 0-0-0 dxe4 11. Nxc6 Qxd2+ 12. Bxd2 bxc6 13. fxe4 Be6 14. h3 Rfb8 15. b3 a5 16. Bf3 Nd7 17. Na4 c5 18. c4 Bd4 19. Bc3 Bxc3 20. Nxc3 Nb6 21. a4 Nd7 22. Kc2 Ne5 23. Be2 Nc6 24. Nb5 Rf8 25. Bf3 Rac8 26. Rd2 Ne5 27. Be2 f5 28. exf5 Bxf5+ 29. Kc3 Nc6 30. Bf3 Rf6 31. Bd5+ Kf8 32. Bxc6 Rcxc6 33. Rd8+ Kg7 34. Rhd1 Rfe6 35. R1d2 Re3+ 36. Kb2 Rg3 37. Nc3 Re6 38. Nd5 Re1 39. Rb8 e6 40. Rb7+ Kh6 41. Nf6 Kg5 42. Nd7 e5 43. Nxc5 e4 44. Nxe4+ Bxe4 45. Rb6 Kf4 46. c5 Ke3 47. Rbd6 Rb1+ 48. Ka2 Rc1 0-1

[Event "ITA-ch sf"]
[Site "Spoleto"]
[Date "2019.07.28"]
[Round "9"]
[White "Palma, Maria"]
[Black "Gueci, Tea"]
[Result "0-1"]
[WhiteElo "2137"]
[BlackElo "2245"]
[PlyCount "42"]
[EventDate "2019.07.20"]
[EventType "swiss"]
[EventRounds "9"]
[EventCountry "ITA"]
[SourceTitle "EXT 2020"]
[Source "ChessBase"]
[SourceDate "2019.10.17"]
[SourceVersion "1"]
[SourceVersionDate "2019.10.17"]
[SourceQuality "1"]

1. d4 Nf6 2. c4 e6 3. Nf3 d5 4. Nc3 Bb4 5. Bg5 dxc4 6. e4 c5 7. Bxc4 cxd4 8. Nxd4 Qa5 9. Bxf6 Bxc3+ 10. bxc3 Qxc3+ 11. Kf1 gxf6 12. Rc1 Qa5 13. Bb5+ Nc6 14. Qh5 e5 15. Bc4 0-0 16. Nf5 Bxf5 17. Qxf5 Qd2 18. Re1 Nd4 19. Qg4+ Kh8 20. Rd1 Qc2 21. Bd5 Rg8 0-1

[Event "ITA-ch sf"]
[Site "Spoleto"]
[Date "2019.07.27"]
[Round "8"]
[White "Andolfatto, Maria"]
[Black "Palma, Maria"]
[Result "1-0"]
[WhiteElo "2034"]
[BlackElo "2137"]
[PlyCount "185"]
[EventDate "2019.07.20"]
[EventType "swiss"]
[EventRounds "9"]
[EventCountry "ITA"]
[SourceTitle "EXT 2020"]
[Source "ChessBase"]
[SourceDate "2019.10.17"]
[SourceVersion "1"]
[SourceVersionDate "2019.10.17"]
[SourceQuality "1"]

1. Nf3 Nf6 2. c4 c5 3. d4 cxd4 4. Nxd4 Nc6 5. Nc3 g6 6. e4 Bg7 7. Be3 Ng4 8. Qxg4 Nxd4 9. Qd1 e5 10. Bd3 0-0 11. 0-0 d6 12. Rc1 Be6 13. Qd2 Qd7 14. Rfd1 a6 15. f3 b5 16. Ne2 Rfc8 17. cxb5 Rxc1 18. Rxc1 axb5 19. Bxd4 exd4 20. a3 d5 21. exd5 Bxd5 22. Rc5 Bc4 23. Bxc4 bxc4 24. Rxc4 d3 25. Nc3 Re8 26. Re4 f5 27. Rxe8+ Qxe8 28. Kf1 Qd7 29. Nd1 Qd4 30. Nf2 Qxb2 31. Qxb2 Bxb2 32. a4 d2 33. Ke2 Bc3 34. Nd1 Bb4 35. Nb2 Kf8 36. Nc4 Ke7 37. Nxd2 Kd6 38. Kd3 Kd5 39. Nb3 Bd6 40. h3 Bb8 41. a5 Ba7 42. a6 Ke5 43. Na5 Kd5 44. Nb7 Kc6 45. Nd8+ Kb5 46. Ne6 Kxa6 47. Nf8 Kb5 48. Nxh7 Bc5 49. Ng5 Kc6 50. Ne6 Bd6 51. Kd4 Kd7 52. Kd5 Ke7 53. Nd4 Bg3 54. Ne2 Bb8 55. Nd4 Kf6 56. Ne6 Bg3 57. Nc5 Bf4 58. Nd7+ Ke7 59. Nc5 Kf6 60. Nd3 Bb8 61. Nc1 Bf4 62. Ne2 Bb8 63. Nc3 Be5 64. Ne2 Bb8 65. h4 Ba7 66. Kd6 Bf2 67. g3 f4 68. g4 Bxh4 69. Kd5 g5 70. Nd4 Bf2 71. Nf5 Bg1 72. Nd6 Be3 73. Ne4+ Kg6 74. Ke6 Bb6 75. Nd6 Bd8 76. Nf7 Bf6 77. Ne5+ Kg7 78. Kf5 Bd8 79. Nc6 Bf6 80. Nb4 Be7 81. Nd5 Bd8 82. Nc3 Kh6 83. Ne4 Be7 84. Ke6 Bd8 85. Kf7 Bc7 86. Nc5 Bd6 87. Ne6 Be5 88. Nf8 Bc7 89. Kf6 Bd8+ 90. Kf5 Be7 91. Ne6 Bb4 92. Nxg5 Bd2 93. Ne6 1-0

[Event "ITA-ch sf"]
[Site "Spoleto"]
[Date "2019.07.21"]
[Round "2"]
[White "Grimaldi, Angela Flavia"]
[Black "Palma, Maria"]
[Result "1/2-1/2"]
[WhiteElo "1956"]
[BlackElo "2137"]
[PlyCount "98"]
[EventDate "2019.07.20"]
[EventType "swiss"]
[EventRounds "9"]
[EventCountry "ITA"]
[SourceTitle "EXT 2020"]
[Source "ChessBase"]
[SourceDate "2019.10.17"]
[SourceVersion "1"]
[SourceVersionDate "2019.10.17"]
[SourceQuality "1"]

1. e4 e6 2. d4 d5 3. Nc3 Nf6 4. e5 Nfd7 5. Nce2 c5 6. c3 Nc6 7. Nf3 Be7 8. g3 0-0 9. Bg2 cxd4 10. cxd4 f6 11. exf6 Nxf6 12. 0-0 Bd7 13. Bg5 Qb6 14. Ne5 Nxe5 15. dxe5 Ng4 16. Bxe7 Rxf2 17. Qd4 Rxe2 18. Qxb6 Rxg2+ 19. Kxg2 axb6 20. Rae1 d4 21. Rf4 Ne3+ 22. Kg1 Bc6 23. Rf2 h6 24. a3 Ra5 25. Rd2 Rd5 26. b3 Kf7 27. Bd6 Kg6 28. Bc7 Kf5 29. Bxb6 Ke4 30. h3 Rd7 31. a4 h5 32. Rde2 Kxe5 33. Bxd4+ Rxd4 34. Rxe3+ Be4 35. Kf2 Kf5 36. R1e2 Bd5 37. Rc3 e5 38. Rce3 e4 39. Kg2 Rd3 40. Kf2 Rd1 41. Rb2 Ke5 42. Ree2 Rd3 43. Re3 Rd1 44. h4 Kd4 45. Ke2 Rc1 46. Rd2+ Ke5 47. Kf2 g6 48. Re1 Rc3 49. Re3 Rc1 1/2-1/2

[Event "Mitropa Cup (Women)"]
[Site "Radenci"]
[Date "2019.05.29"]
[Round "3.3"]
[White "Blazeka, Mihaela"]
[Black "Palma, Maria"]
[Result "1-0"]
[WhiteElo "2118"]
[BlackElo "2018"]
[PlyCount "61"]
[EventDate "2019.05.27"]
[EventType "team-tourn"]
[EventRounds "9"]
[EventCountry "SLO"]
[SourceTitle "CBM 190 Extra"]
[Source "ChessBase"]
[SourceDate "2019.07.15"]
[SourceVersion "1"]
[SourceVersionDate "2019.07.15"]
[SourceQuality "1"]
[WhiteTeam "Croatia (W)"]
[BlackTeam "Italy (W)"]
[WhiteTeamCountry "CRO"]
[BlackTeamCountry "ITA"]

1. e4 c5 2. Nf3 g6 3. Bc4 Bg7 4. 0-0 Nc6 5. c3 e6 6. d4 cxd4 7. Nxd4 Nxd4 8. cxd4 d5 9. exd5 exd5 10. Re1+ Be6 11. Bb5+ Kf8 12. Qf3 Bf6 13. Nc3 Kg7 14. Bf4 h5 15. Ba4 Bxd4 16. Rad1 Bg4 17. Qd3 Bf6 18. Re8 Qxe8 19. Bxe8 Bxd1 20. Bxf7 Kxf7 21. Qxd5+ Kg7 22. Qxb7+ Ne7 23. Nxd1 g5 24. Be5 Rhe8 25. Bxf6+ Kxf6 26. Ne3 Rab8 27. Qxa7 Red8 28. b3 Nf5 29. h3 Ra8 30. Qb6+ Rd6 31. Qc5 1-0

[Event "EU-ch (Women) 20th"]
[Site "Antalya"]
[Date "2019.04.19"]
[Round "8"]
[White "Palma, Maria"]
[Black "Trippold, Denise"]
[Result "0-1"]
[WhiteElo "1998"]
[BlackElo "2158"]
[PlyCount "104"]
[EventDate "2019.04.11"]
[EventType "swiss"]
[EventRounds "11"]
[EventCountry "TUR"]
[SourceTitle "CBM 190"]
[Source "ChessBase"]
[SourceDate "2019.06.30"]
[SourceVersion "1"]
[SourceVersionDate "2019.06.30"]
[SourceQuality "1"]

1. d4 d5 2. c4 e6 3. Nc3 c6 4. e4 dxe4 5. Nxe4 Bb4+ 6. Nc3 e5 7. Be3 exd4 8. Qxd4 Qxd4 9. Bxd4 Nf6 10. 0-0-0 0-0 11. a3 Be7 12. h3 Be6 13. Nf3 h6 14. g4 Nbd7 15. Bxf6 Bxf6 16. Ne4 Be7 17. Nd4 Nc5 18. Nd2 Bg5 19. Kc2 Rad8 20. N2f3 Bf4 21. Be2 Bc8 22. b4 Ne4 23. Rhf1 Rfe8 24. Bd3 h5 25. Rde1 hxg4 26. hxg4 Nf6 27. g5 Ng4 28. Be4 g6 29. Kc3 Kg7 30. Re2 Ne5 31. Rfe1 Nxf3 32. Nxf3 Bg4 33. Rg1 Bf5 34. Rge1 Bg4 35. Rg1 Bxf3 36. Bxf3 Rxe2 37. Bxe2 Rd2 38. Rg4 Bxg5 39. Bd3 Bh6 40. f4 Ra2 41. Kb3 Rd2 42. Kc3 Rf2 43. f5 Bd2+ 44. Kb3 g5 45. Rd4 Bf4 46. Rd7 Rf3 47. Kc2 g4 48. Rxb7 g3 49. Be4 g2 50. Bxf3 g1Q 51. Bxc6 Qc1+ 52. Kb3 Qd1+ 0-1

[Event "EU-ch (Women) 20th"]
[Site "Antalya"]
[Date "2019.04.11"]
[Round "1"]
[White "Garcia Martin, Marta"]
[Black "Palma, Maria"]
[Result "1-0"]
[WhiteElo "2315"]
[BlackElo "1998"]
[PlyCount "103"]
[EventDate "2019.04.11"]
[EventType "swiss"]
[EventRounds "11"]
[EventCountry "TUR"]
[SourceTitle "CBM 190"]
[Source "ChessBase"]
[SourceDate "2019.06.30"]
[SourceVersion "1"]
[SourceVersionDate "2019.06.30"]
[SourceQuality "1"]

1. e4 c5 2. Nf3 g6 3. c4 Bg7 4. d4 cxd4 5. Nxd4 Nc6 6. Be3 Nf6 7. Nc3 Ng4 8. Qxg4 Nxd4 9. Qd1 e5 10. Bd3 0-0 11. 0-0 d6 12. Qd2 Be6 13. Ne2 Rc8 14. Rac1 Qb6 15. b3 a5 16. Rfd1 Rfd8 17. f3 Rc6 18. Nxd4 exd4 19. Bf2 Rdc8 20. Bf1 a4 21. Rb1 axb3 22. axb3 Ra8 23. Bxd4 Bxd4+ 24. Qxd4 Ra3 25. b4 Qxd4+ 26. Rxd4 Rc3 27. b5 Rc5 28. Rbd1 Bxc4 29. Bxc4 R3xc4 30. Rxc4 Rxc4 31. Rxd6 Rc5 32. Rb6 Rc7 33. Kf2 h5 34. Kg3 Kf8 35. Kf4 Ke7 36. Ke5 Rc5+ 37. Kd4 Rc7 38. h4 Kd7 39. e5 Ke7 40. Kd5 Rd7+ 41. Ke4 Rc7 42. Kd5 Rd7+ 43. Rd6 Rc7 44. e6 Kf6 45. g4 hxg4 46. fxg4 fxe6+ 47. Rxe6+ Kg7 48. g5 Rd7+ 49. Kc5 Kh7 50. Rd6 Re7 51. Kb6 Kg7 52. Ka7 1-0

[Event "Nova Gorica op 24th"]
[Site "Nova Gorica"]
[Date "2019.01.27"]
[Round "4"]
[White "Palma, Maria"]
[Black "Agdelen, Huseyin Can"]
[Result "0-1"]
[WhiteElo "1991"]
[BlackElo "2275"]
[PlyCount "104"]
[EventDate "2019.01.25"]
[EventType "swiss"]
[EventRounds "9"]
[EventCountry "SLO"]
[SourceTitle "CBM 188 Extra"]
[Source "ChessBase"]
[SourceDate "2019.02.26"]
[SourceVersion "1"]
[SourceVersionDate "2019.02.26"]
[SourceQuality "1"]

1. c4 Nf6 2. Nf3 c6 3. g3 d5 4. b3 dxc4 5. bxc4 e5 6. Nc3 Bd6 7. Bg2 0-0 8. 0-0 Re8 9. Qb3 Nbd7 10. d3 Nc5 11. Qc2 h6 12. Rd1 Bf5 13. Nd2 Qe7 14. Ba3 Bg6 15. Bxc5 Bxc5 16. Nde4 Bb6 17. a4 Nxe4 18. Nxe4 f5 19. Nc3 Qc5 20. e3 Rad8 21. a5 Bxa5 22. Na4 Qe7 23. Qb3 Kh7 24. Nb2 Bb6 25. Na4 Ba5 26. Nb2 Qb4 27. Qxb4 Bxb4 28. Rxa7 Re7 29. Bf1 Bc5 30. Ra5 Bb6 31. Ra3 Bf7 32. Rda1 f4 33. Rb3 Bc5 34. Na4 Ba7 35. Nb6 Bb8 36. Be2 fxe3 37. fxe3 Bd6 38. Ra8 Rxa8 39. Nxa8 Bc5 40. Kf2 b5 41. Bf3 bxc4 42. dxc4 e4 43. Bg4 h5 44. Bh3 Ra7 45. Rb8 Ra2+ 46. Ke1 Bxe3 47. Bf5+ Bg6 48. Be6 Bf2+ 49. Kf1 e3 50. Bg8+ Kh6 51. Be6 Bd3+ 52. Kg2 Be4+ 0-1